Giáo trình lý thuyết và bài tập Java

Đã lưu trong:
书目详细资料
主要作者: Trần, Tiến Dũng
格式: 图书
语言:Undetermined
出版: Hà Nội Giáo Dục 1999
主题:
标签: 添加标签
没有标签, 成为第一个标记此记录!
Thư viện lưu trữ: Trung tâm Học liệu Trường Đại học Cần Thơ
LEADER 00650nam a2200193Ia 4500
001 CTU_34152
008 210402s9999 xx 000 0 und d
082 |a 005.133 
082 |b D513 
100 |a Trần, Tiến Dũng 
245 0 |a Giáo trình lý thuyết và bài tập Java 
245 0 |c Trần Tiến Dũng 
260 |a Hà Nội 
260 |b Giáo Dục 
260 |c 1999 
526 |a Lập trình Java 
526 |b CT276 
650 |a Internet ( computer network),Java ( computer program language ),World wide web information ( retrieval systems ) 
980 |a Trung tâm Học liệu Trường Đại học Cần Thơ